The legal environment of business: text and cases. / (Record no. 7620)

MARC details
000 -LEADER
fixed length control field 01787cam a2200361 a 4500
001 - CONTROL NUMBER
control field 13087827
003 - CONTROL NUMBER IDENTIFIER
control field OSt
005 - DATE AND TIME OF LATEST TRANSACTION
control field 20210527143850.0
008 - FIXED-LENGTH DATA ELEMENTS--GENERAL INFORMATION
fixed length control field 030210s2004 ohuak b 001 0 eng
010 ## - LIBRARY OF CONGRESS CONTROL NUMBER
LC control number 2003102114
020 ## - INTERNATIONAL STANDARD BOOK NUMBER
International Standard Book Number 9781305292710
035 ## - SYSTEM CONTROL NUMBER
System control number (DLC) 2003102114
040 ## - CATALOGING SOURCE
Original cataloging agency DLC
Transcribing agency DLC
Modifying agency DLC
043 ## - GEOGRAPHIC AREA CODE
Geographic area code n-us---
050 00 - LIBRARY OF CONGRESS CALL NUMBER
Classification number KF1600.C76
082 00 - DEWEY DECIMAL CLASSIFICATION NUMBER
Classification number 346.7307
Edition number 22
100 1# - MAIN ENTRY--PERSONAL NAME
Personal name Cross, Frank B.
245 10 - TITLE STATEMENT
Title The legal environment of business: text and cases. /
Statement of responsibility, etc. Frank B. Cross, Roger LeRoy Miller.
246 30 - VARYING FORM OF TITLE
Title proper/short title Legal environment of business
250 ## - EDITION STATEMENT
Edition statement 9th ed.
260 ## - PUBLICATION, DISTRIBUTION, ETC.
Place of publication, distribution, etc. Mason, OH :
Name of publisher, distributor, etc. Cengage,
Date of publication, distribution, etc. 2015.
300 ## - PHYSICAL DESCRIPTION
Extent iv, 210 + (various pagings) p.:
504 ## - BIBLIOGRAPHY, ETC. NOTE
Bibliography, etc. note Includes bibliographical references and index.
505 ## - FORMATTED CONTENTS NOTE
Formatted contents note Contents: Law and legal resoning -- the courts system -- Alternative and online dispute resolution -- Business ethics -- Business and the constitution -- Formation of traditional and e-contracts -- Contract performance, breach and remedies -- Sales an d ease contracts -- Tort -- Strict liability and product liability -- Intellectual property rights -- Administrative agencies -- Consumer protection -- Environmental law -- Antitrust law -- Investor protection and corporate governance -- Agency -- Employment relationships -- Employment discrimination -- Immigration nd labor law --
650 #0 - SUBJECT ADDED ENTRY--TOPICAL TERM
Topical term or geographic name entry element Industrial laws and legislation
Geographic subdivision United States.
650 #0 - SUBJECT ADDED ENTRY--TOPICAL TERM
Topical term or geographic name entry element Trade regulation
Geographic subdivision United States.
650 #0 - SUBJECT ADDED ENTRY--TOPICAL TERM
Topical term or geographic name entry element Commercial law
Geographic subdivision United States.
650 #0 - SUBJECT ADDED ENTRY--TOPICAL TERM
Topical term or geographic name entry element Electronic commerce
General subdivision Law and legislation
Geographic subdivision United States.
700 1# - ADDED ENTRY--PERSONAL NAME
Personal name Miller, Roger LeRoy.
906 ## - LOCAL DATA ELEMENT F, LDF (RLIN)
a 7
b cbc
c orignew
d 2
e epcn
f 20
g y-gencatlg
942 ## - ADDED ENTRY ELEMENTS (KOHA)
Source of classification or shelving scheme Library of Congress Classification
Koha item type Books
Holdings
Withdrawn status Lost status Source of classification or shelving scheme Damaged status Not for loan Home library Current library Shelving location Date acquired Full call number Barcode Date last seen Price effective from Koha item type
    Library of Congress Classification     WISCONSIN INTERNATIONAL UNIVERSITY COLLEGE, GHANA KUMASI LIBRARY WISCONSIN INTERNATIONAL UNIVERSITY COLLEGE, GHANA KUMASI LIBRARY Law Library 18/10/2019 KF1600.C76 KSL/327/327/19 27/05/2021 27/05/2021 Books

If you have any concerns or questions; kindly contact the library


© Powered by WIUC ICT DIRECTORATE